Ambasady Rzeczypospolitej Polskiej - Statystyki

Ogólne statystyki
  • Ten quiz został rozwiązany 2 312 razy
    2 079 od ostatniego zresetowania
  • Średni wynik to 75 z 94
Statystyki odpowiedzi
Kontynent Państwo % Poprawnych
Europa Niemcy
95%
Europa Rosja
95%
Europa Francja
94%
Europa Hiszpania
94%
Europa Estonia
93%
Europa Litwa
93%
Europa Łotwa
93%
Ameryka Północna Stany Zjednoczone
93%
Europa Szwecja
93%
Europa Belgia
92%
Europa Czechy
92%
Europa Finlandia
92%
Europa Norwegia
92%
Europa Słowacja
92%
Europa Ukraina
92%
Europa Wielka Brytania
92%
Europa Białoruś
91%
Ameryka Północna Kanada
91%
Europa Portugalia
91%
Europa Włochy
91%
Europa Albania
90%
Oceania Australia
90%
Europa Austria
90%
Ameryka Południowa Brazylia
90%
Europa Holandia
90%
Ameryka Południowa Argentyna
89%
Azja Chiny
89%
Europa Dania
89%
Afryka Egipt
89%
Europa Grecja
89%
Europa Irlandia
89%
Ameryka Północna Meksyk
89%
Azja Japonia
88%
Afryka Republika Południowej Afryki
88%
Europa Serbia
88%
Europa Słowenia
88%
Oceania Nowa Zelandia
87%
Europa Rumunia
87%
Europa Bułgaria
86%
Ameryka Południowa Chile
86%
Europa Chorwacja
86%
Europa Szwajcaria
86%
Europa Bośnia i Hercegowina
85%
Azja Turcja
85%
Europa Węgry
85%
Europa Czarnogóra
84%
Azja Korea Południowa
84%
Europa Islandia
83%
Ameryka Południowa Kolumbia
83%
Azja Indie
82%
Afryka Algieria
81%
Afryka Maroko
81%
Europa Mołdawia
81%
Ameryka Południowa Peru
81%
Europa Luksemburg
80%
Ameryka Południowa Wenezuela
80%
Europa Macedonia Północna
79%
Azja Iran
77%
Azja Izrael
77%
Azja Arabia Saudyjska
76%
Azja Irak
76%
Azja Kazachstan
75%
Ameryka Północna Kuba
75%
Europa Malta
75%
Azja Indonezja
74%
Azja Armenia
73%
Afryka Tunezja
73%
Europa Watykan
73%
Azja Gruzja
72%
Afryka Nigeria
72%
Azja Wietnam
72%
Azja Tajlandia
71%
Azja Zjednoczone Emiraty Arabskie
71%
Azja Azerbejdżan
70%
Azja Cypr
69%
Afryka Libia
69%
Azja Pakistan
68%
Afryka Kenia
66%
Ameryka Północna Panama
66%
Azja Mongolia
65%
Azja Katar
63%
Afryka Etiopia
62%
Azja Malezja
62%
Afryka Tanzania
59%
Afryka Sudan
58%
Azja Liban
56%
Afryka Senegal
56%
Azja Uzbekistan
56%
Azja Jordania
54%
Afryka Angola
53%
Azja Filipiny
53%
Azja Kuwejt
53%
Azja Singapur
51%
Afryka Rwanda
35%
Nie znaleziono quizów pasujących do podanych kryteriów
Rozkład punktacji
Procent ludzi z każdym wynikiem
Percentyl według liczby udzielonych odpowiedzi
Twoja historia wyników
Nie rozwiązałeś tego quizu od ostatniego zresetowania